| 000 | 00443nam a22001697a 4500 | ||
|---|---|---|---|
| 005 | 20160615152014.0 | ||
| 008 | 160615b xxu||||| |||| 00| 0 eng d | ||
| 020 | _a978-81-259-4965-7 | ||
| 041 | _aeng | ||
| 082 | _b7828 | ||
| 100 |
_aGowri, S&Jeyapoovan _92018 |
||
| 245 | _aEngineering Practices Lab Manual | ||
| 260 |
_aNew Delhi _bVikas Publishing House (P) Ltd. |
||
| 300 | _aEC-60 | ||
| 650 |
_aDIPLOMA ENGINEERING _9817 |
||
| 942 | _cBK | ||
| 999 |
_c2815 _d2814 |
||